Мимодрама "Дочь Гудулы" (музыкальный портрет на фоне начала XX века) (Запись № 11703611)

Подробности
000 -МАРКЕР
контрольное поле 01935nam0a2200385 4500
001 - ИДЕНТИФИКАТОР ЗАПИСИ
контрольное поле RU\NLR\BIBL_A\012396858
005 - ИДЕНТИФИКАТОР ВЕРСИИ
контрольное поле 20211130104241.0
010 ## - МЕЖДУНАРОДНЫЙ СТАНДАРТНЫЙ НОМЕР КНИГИ (ISBN)
Номер (ISBN) 978-5-93121-465-8
Тираж 100
021 ## - НОМЕР ГОСУДАРСТВЕННОЙ РЕГИСТРАЦИИ
Код страны Российская Федерация
Номер КН-П-20-040874
Номер Листа государственной регистраци КН-П-20-3104
035 ## - ДРУГИЕ СИСТЕМНЫЕ НОМЕРА
Идентификатор записи (NLR Aleph) 012396858
035 ## - ДРУГИЕ СИСТЕМНЫЕ НОМЕРА
Идентификатор записи (RuMoRGB)010375136
100 ## - ДАННЫЕ ОБЩЕЙ ОБРАБОТКИ
Данные общей обработки 20201103d2020 u y0rusy50 ca
101 0# - ЯЗЫК РЕСУРСА
Язык текста, звукозаписи и т.д. русский
102 ## - СТРАНА ПУБЛИКАЦИИ ИЛИ ПРОИЗВОДСТВА
Страна публикации Российская Федерация
105 ## - ПОЛЕ КОДИРОВАННЫХ ДАННЫХ: ТЕКСТОВЫЕ МАТЕРИАЛЫ, МОНОГРАФИЧЕСКИЕ
Кодированные данные о монографическом текстовом документе agzzzz||000zy
181 #0 - ПОЛЕ КОДИРОВАННЫХ ДАННЫХ: ВИД СОДЕРЖАНИЯ
Код вида содержания (ISBD) i
Код характеристики содержания (ISBD) axxe
182 #0 - ПОЛЕ КОДИРОВАННЫХ ДАННЫХ: ТИП СРЕДСТВА
Код типа средства (ISBD) n - непосредственное
200 1# - ЗАГЛАВИЕ И СВЕДЕНИЯ ОБ ОТВЕТСТВЕННОСТИ
Основное заглавие Мимодрама "Дочь Гудулы" (музыкальный портрет на фоне начала XX века)
Сведения, относящиеся к заглавию [о постановке московского балетмейстера А.А. Горского - мелодраме "Дочь Гудулы"]
Первые сведения об ответственности А. П. Груцынова
203 ## - ВИД СОДЕРЖАНИЯ И ТИП СРЕДСТВА
Вид содержания Текст
Дополнительные сведения об издании визуальный
Тип средства непосредственный
210 ## - ПУБЛИКАЦИЯ, РАСПРОСТРАНЕНИЕ И ДР.
Место издания, распространения и т.д. Москва
Имя издателя, распространителя и т. д. Альтекс
Дата издания, распространения и т.д. 2020
215 ## - ФИЗИЧЕСКАЯ ХАРАКТЕРИСТИКА
Специфическое обозначение материала и объем 299 с.
Другие сведения о физической характеристике ил., нот., табл.
Размеры 20
320 ## - ПРИМЕЧАНИЯ О НАЛИЧИИ В ДОКУМЕНТЕ БИБЛИОГРАФИИ / УКАЗАТЕЛЯ
Текст примечания Библиогр. в подстроч. примеч.
500 10 - УНИФИЦИРОВАННОЕ ЗАГЛАВИЕ
Унифицированное заглавие Дочь Гудулы
600 #1 - ИМЯ ЛИЦА КАК ПРЕДМЕТ
Начальный элемент ввода Горский
Часть имени, кроме начального элемента ввода А. А.
Даты 1871 - 1924
Расширение инициалов личного имени Александр Алексеевич
Системный номер авторитетной/нормативной записи 1076776
Идентификатор авторитетной/нормативной записи RU\NLR\AUTH\66101551
604 ## - ИМЯ И ЗАГЛАВИЕ КАК ПРЕДМЕТ
Связываемые данные 700#1$aСимон$bА.Ю.$gАнтон Юльевич$f1850 - 1916
-- 500##$a"Дочь Гудулы"$2nlr_sh2$3RU\NLR\AUTH\6601677962
Имя лица Симон, Антон Юльевич (1850 - 1916)
Заглавие "Дочь Гудулы"
Системный номер авторитетной/нормативной записи 2457267
Идентификатор авторитетной/нормативной записи RU\NLR\AUTH\6601677962
686 1# - ИНДЕКСЫ ДРУГИХ КЛАССИФИКАЦИЙ
Индекс Щ313(2Р=Рус)53-81Симон 474.2
686 1# - ИНДЕКСЫ ДРУГИХ КЛАССИФИКАЦИЙ
Индекс Щ335.423(2Р=Рус)53-85Горский
700 #1 - ИМЯ ЛИЦА - ПЕРВИЧНАЯ ОТВЕТСТВЕННОСТЬ
Начальный элемент ввода Груцынова
Часть имени, кроме начального элемента ввода А. П.
Расширение инициалов личного имени Анна Петровна
702 #1 - ИМЯ ЛИЦА - ВТОРИЧНАЯ ОТВЕТСТВЕННОСТЬ
Код отношения Прочие
Графика поля Кириллица
Материалы, к которым относится поле rus
Начальный элемент ввода Горский
Часть имени, кроме начального элемента ввода А. А.
Даты 1871-1924
Расширение инициалов личного имени Александр Алексеевич
Системный номер авторитетной/нормативной записи 53944
Идентификатор авторитетной/нормативной записи RU\NLR\AUTH\7771016
942 ## - ДОПОЛНИТЕЛЬНЫЕ ЭЛЕМЕНТЫ ЗАПИСИ (АБИС)
Тип экземпляра АБИС Книга
980 ## - КОЛЛЕКЦИЯ
Название коллекции НБР
980 ## - КОЛЛЕКЦИЯ
Название коллекции Национальная библиография

Нет доступных экземпляров.